|
|
|
|
| LEADER |
00000nab a2200000 a 4500 |
| 001 |
vtls000187283 |
| 003 |
SK-MaSNL |
| 005 |
20260304062256.0 |
| 008 |
250422c1984 xo 0 slo |
| 015 |
|
|
|a SNBRB19rr/mm-uuuuu
|
| 035 |
|
|
|a CL0197396
|
| 035 |
|
|
|a urn:nbn:sk:snk-ab6u3t
|
| 035 |
|
|
|a (uuid)82ac4300-694a-4fc7-86ed-3f5191bd8704
|
| 035 |
|
|
|a (urnnbn)urn:nbn:sk:snk:ar-a05y65
|
| 035 |
|
|
|a (sysno)vtls000187283
|
| 040 |
|
|
|a SNKBUCL
|b slo
|c SNKBUCL
|e AACR2
|
| 041 |
0 |
|
|a cze
|
| 044 |
|
|
|a xo
|c SK
|
| 080 |
|
|
|a 178.1
|2 1981
|
| 100 |
1 |
|
|a Nerad, Jindřich M.
|4 aut
|9 71404
|
| 245 |
1 |
0 |
|a Zpráva z jubilejního zasedání Českého protialkoholního sboru
|c J. Nerad
|
| 650 |
0 |
7 |
|a Český protialkoholní sbor
|2 snkbucl
|9 1347459
|
| 655 |
|
7 |
|a články z novín a časopisov
|2 snkbucl
|9 267496
|
| 773 |
0 |
|
|t Protialkoholický obzor
|g Roč. 19, č. 4 (1984), s. 250-255
|
| 850 |
|
|
|a Slovenská národná knižnica
|
| 852 |
|
|
|a Slovenská národná knižnica
|
| 954 |
|
|
|a odborná, vedecká literatúra cudzojazyčná (svetová)
|2 lita
|
| 957 |
|
|
|a 3100
|
| 958 |
|
|
|a article2022
|
| 958 |
|
|
|a RK
|
| 958 |
|
|
|a OND
|
| 958 |
|
|
|a EUIPO
|
| 992 |
|
|
|a RBX
|
| 999 |
|
|
|c 2737281
|d 2739211
|